The production credit system for farmers /

Bibliographic Details
Main Author: Butz, Earl L. (Earl Lauer), 1909-2008
Corporate Author: Brookings Institution
Format: Book
Language:English
Published: Washington, D. C. : The Brookings institution, 1944.
Subjects:

MARC

Tag First Indicator Second Indicator Subfields
LEADER 00000cam a2200000 4500
001 in00000080514
005 20151008052932.0
008 740320s1944 dcu b 00000 eng u
010 |a  44047783  
035 |a (OCoLC)00836562 
035 |9 AAH5521AM 
040 |c HRM  |d TXA  |d UtOrBLW 
049 |a TXAM  |c [131167] 
050 0 0 |a HG2051.U5  |b B8 
082 0 |a 332.71 
092 |a 332.71  |b B989p 
100 1 |a Butz, Earl L.  |q (Earl Lauer),  |d 1909-2008. 
245 1 4 |a The production credit system for farmers /  |c by Earl L. Butz. 
264 1 |a Washington, D. C. :  |b The Brookings institution,  |c 1944. 
300 |a vii, 1 unnumbered page, 104 pages :  |b illustrations (maps) diagram ;  |c 22 cm. 
336 |a text  |b txt  |2 rdacontent 
337 |a unmediated  |b n  |2 rdamedia 
338 |a volume  |b nc  |2 rdacarrier 
504 |a Bibliographic foot-notes. 
650 0 |a Agricultural credit  |z United States. 
710 2 |a Brookings Institution. 
999 |a MARS 
999 f f |s 1c0f1445-2b7e-3662-9dd1-6e673e8f5aa9  |i a4910954-5802-3d6e-a433-d8a2d1875f6e  |t 0 
952 f f |p ric  |a Texas A&M University  |b Rellis Campus  |c Joint Library Facility  |d Remote Storage  |t 0  |e HG2051.U5 B8  |h Library of Congress classification  |i unmediated -- volume  |m A14800738189 
998 f f |a HG2051.U5 B8  |t 0  |l Remote Storage